000 00598nam a2200181 4500
001 138422
003 ES-MaACL
005 20230906195549.0
007 t|
008 070214s1967 sp r ||||1| spa d
100 1 _aSandritter, Walter.
_9103119
245 1 0 _aAtlas de Histopatología /
_cpor W. Sandritter y J. Schorn ; versión... Augusto Moragas Redecilla.
260 _aMadrid [etc.] :
_bEd. Científico Médica,
_c1967.
300 _aXII, 228 p. :
_bil. ;
_c26 cm.
700 1 _aSchorn, J.
_9104666
700 1 _aMoragas Redecilla, Augusto.
_982919
852 _aES-MaACL
_jC-32230
_bR.62535
999 _c138422
_d138422